000 00541nam a22001932 4500
001 0000008745
005 20151217155835.0
008 080526s xx 000 0 eng d
020 _cKES
040 _aKABU
_cKABU
100 1 _aStahl, Kathleen M.
_@0000149798
245 1 0 _aTanganyika :
_bsail in the wilderness /
_cKathleen M. Stahl.
260 _aHague :
_bMouton,
_c1961.
300 _a160 p.
650 0 _aTanzania
_xHistory.
_@0000159444
908 _a080526
950 _@1
999 _c13117
_d13117